Guess the Fish by the Picture - Statistics

General Stats
  • This quiz has been taken 17 times
  • The average score is 6 of 16
Answer Stats
Picture Answer % Correct
Clown Fish
92%
Gold Fish
83%
Koi
75%
Tuna
75%
Guppy
50%
Angel Fish
42%
Grouper
42%
Gourami
33%
Neon Tetra
25%
Tiger Barb
25%
Cardinal Tetra
17%
Molly
17%
Platy
17%
Plecostomus
17%
Betta Fish (Siamese Fighting Fish)
8%
Zebra Danio
8%
No matching quizzes found
Score Distribution
Percent of People with Each Score
Percentile by Number Answered
Your Score History
You have not taken this quiz